Score 0/11 Timer 01:00
3 Plays Today
Clue 4-Letter Word % Correct
Green fruit that pairs well with a CoronaLIME
93.7%
Capital of 11th rungLIMA
84.2%
Country that was once home to the Incan EmpirePERU
82.3%
A company emblemLOGO
78.9%
A bull, borrowed from SpanishTORO
67.2%
Harbor where ships discharge cargoPORT
65.6%
Country that is home to the Ewe, Mina, and Kabye peopleTOGO
64%
Lively or freePERT
55.3%
Wrongdoing that may result in civil actionTORT
53.7%
Capital of 6th rungLOME
34.1%
Small compartment or boothLOGE
33.5%

Today's Daily Dose

You're not logged in!

Compare scores with friends on all Sporcle quizzes.
OR
Log In

Sporcle TV

Today on Sporcle TV


Watch our educational content, quiz creation guides, and fun videos on Sporcle TV.

Show Comments

Extras

Top Quizzes Today


Score Distribution

Your Account Isn't Verified!

In order to create a playlist on Sporcle, you need to verify the email address you used during registration. Go to your Sporcle Settings to finish the process.

Report this User

Report this user for behavior that violates our Community Guidelines.

Details: